| 000 | 01285cam a22003251i 4500 | ||
|---|---|---|---|
| 003 | SA-RiAUC | ||
| 005 | 20250515074447.0 | ||
| 008 | 250513s1996 le g 00000 ara c | ||
| 040 |
_aSA-RiIMS _bara _cSA-RiAUC _erda |
||
| 041 | 1 |
_aara _hund |
|
| 050 | 4 | _bI3812. 1996 | |
| 082 | 0 | 4 |
_a216 _qSA-RiAUC |
| 090 |
_a216 _b س ع ي |
||
| 100 | 1 |
_aسعيد، إدوارد، _d1935-2003 _eمؤلف. |
|
| 245 | 1 | 0 |
_aتعقيبات على الاستشراق / _cإدوارد سعيد ؛ ترجمة وتحرير صبحي حديدي. |
| 250 | _aالطبعة الأولى. | ||
| 264 | 1 |
_aبيروت : _bالمؤسسة العربية للدراسات والنشر، _c1996 |
|
| 300 |
_a160 صفحة ؛ _c18 سم |
||
| 336 |
_aنص _btxt _2rdacontent _3كتاب |
||
| 337 |
_aبدون وسيط _bn _2rdamedia |
||
| 338 |
_aمجلد _bnc _2rdacarrier |
||
| 500 | _aيشتمل على كشاف. | ||
| 504 | _aببليوجرافية : صفحة 135-137. | ||
| 650 | 7 |
_aالاستشراق والمستشرقون _2aucsh |
|
| 650 | 7 |
_aالإسلام _xدفع مطاعن _2aucsh |
|
| 650 | 7 |
_aالإسلام والاستشراق والمستشرقون _2aucsh |
|
| 700 | 1 |
_aحديدي، صبحي، _d1951- _eمترجم. |
|
| 942 |
_2ddc _cBOOK _n0 |
||
| 949 |
_aSA-JeALM _d250513 _uosman123 _n1 |
||
| 999 |
_c7946 _d7946 |
||